| 000 | 00408nam a2200121Ia 4500 | ||
|---|---|---|---|
| 008 | 170224s9999 xx 000 0 und d | ||
| 245 | _aIncome inequality is associated with stronger social comparison effects: The effect of relative income on life satisfaction. | ||
| 260 | _bJournal of Personality and Social Psychology | ||
| 260 | _c2016 | ||
| 300 | _a110:2 | ||
| 500 | _aFebruary | ||
| 650 | _xPsychology. | ||
| 999 |
_c316528 _d316528 |
||